000
00327 a2200157 4500
001
59031
020
_a
040
_c
Anchieta - Pituba
100
_a
Lopes, Kleyde Mendes
240
1
0
_a
O Olodum do Pelourinho
_l
por
245
1
0
_a
O Olodum do Pelourinho
300
_a
154
362
0
_a
1996
650
4
_a
Bahia
942
_c
BK
999
_c
59031
_d
59031